[Event "CNJovens24"]
[Site "Sao Pedro do Sul"]
[Date "2024.03.26"]
[Round "6.1"]
[White "Farias, David"]
[Black "Silva, Jose Lucas"]
[Result "1/2-1/2"]
[LiveChessVersion "1.4.8"]
[BlackElo "1883"]
[WhiteElo "2145"]

1. e4 {[%clk 1:30:59]} e5 {[%clk 1:30:46]} 2. Nf3 {[%clk 1:31:16]} Nc6
{[%clk 1:31:01]} 3. Bb5 {[%clk 1:31:32]} a6 {[%clk 1:31:10]} 4. Ba4
{[%clk 1:31:59]} Nf6 {[%clk 1:31:31]} 5. O-O {[%clk 1:32:02]} d6 {[%clk 1:31:52]}
6. c4 {[%clk 1:21:05]} Bd7 {[%clk 1:23:05]} 7. d4 {[%clk 1:20:52]} g6
{[%clk 1:14:54]} 8. d5 {[%clk 1:10:54]} Ne7 {[%clk 1:13:25]} 9. Bxd7+
{[%clk 1:08:56]} Nxd7 {[%clk 1:12:54]} 10. Nc3 {[%clk 1:07:27]} Bg7
{[%clk 1:12:35]} 11. Be3 O-O {[%clk 1:10:55]} 12. b4 {[%clk 0:56:42]} h6
{[%clk 1:07:00]} 13. Nd2 {[%clk 0:49:55]} f5 {[%clk 1:04:44]} 14. f3
{[%clk 0:48:25]} c6 {[%clk 0:45:13]} 15. Qb3 {[%clk 0:40:02]} cxd5
{[%clk 0:41:33]} 16. exd5 {[%clk 0:32:03]} Kh7 {[%clk 0:21:58]} 17. c5
{[%clk 0:18:55]} e4 {[%clk 0:15:38]} 18. fxe4 {[%clk 0:15:22]} Rc8
{[%clk 0:13:59]} 19. Rac1 {[%clk 0:11:37]} dxc5 {[%clk 0:13:26]} 20. d6
{[%clk 0:11:37]} Ng8 {[%clk 0:12:25]} 21. exf5 {[%clk 0:10:18]} gxf5
{[%clk 0:12:02]} 22. bxc5 {[%clk 0:06:52]} Nxc5 {[%clk 0:10:29]} 23. Qb1
{[%clk 0:04:47]} Qxd6 {[%clk 0:04:46]} 24. Rxf5 {[%clk 0:04:58]} Kh8
{[%clk 0:04:47]} 25. Rxf8 {[%clk 0:00:54]} Rxf8 {[%clk 0:04:22]} 26. Nce4
{[%clk 0:00:37]} Nxe4 {[%clk 0:04:38]} 27. Nxe4 {[%clk 0:01:00]} Qe6
{[%clk 0:03:17]} 28. Re1 {[%clk 0:00:54]} Qc6 {[%clk 0:02:50]} 29. Ng3
{[%clk 0:00:52]} Re8 {[%clk 0:01:12]} 30. Nf5 {[%clk 0:00:39]} Qg6
{[%clk 0:00:58]} 31. Nxg7 {[%clk 0:00:33]} Qxb1 {[%clk 0:01:19]} 32. Rxb1
{[%clk 0:01:01]} Rxe3 {[%clk 0:01:42]} 33. Rxb7 {[%clk 0:00:48]} Re2
{[%clk 0:02:00]} 1/2-1/2

[Event "CNJovens24"]
[Site "Sao Pedro do Sul"]
[Date "2024.03.26"]
[Round "6.2"]
[White "Faryma, Matviy"]
[Black "Ryabukhin, Roman"]
[Result "1-0"]
[LiveChessVersion "1.4.8"]
[BlackElo "2040"]
[WhiteElo "1989"]

1. e4 {[%clk 1:30:51]} c6 {[%clk 1:30:31]} 2. Nc3 {[%clk 1:31:09]} d5
{[%clk 1:30:58]} 3. Nf3 {[%clk 1:31:18]} Bg4 {[%clk 1:31:26]} 4. h3
{[%clk 1:31:41]} Bxf3 {[%clk 1:31:53]} 5. Qxf3 {[%clk 1:32:10]} Nf6
{[%clk 1:32:22]} 6. d3 {[%clk 1:28:51]} e6 {[%clk 1:32:48]} 7. Bd2
{[%clk 1:28:24]} Nbd7 {[%clk 1:32:07]} 8. g4 {[%clk 1:28:29]} h5 {[%clk 1:18:31]}
9. g5 {[%clk 1:27:47]} Ng8 {[%clk 1:18:59]} 10. O-O-O {[%clk 1:21:45]} Ne7
{[%clk 0:51:27]} 11. d4 {[%clk 1:20:54]} g6 {[%clk 0:51:40]} 12. exd5
{[%clk 1:19:21]} exd5 {[%clk 0:34:59]} 13. Re1 {[%clk 1:09:43]} Bg7
{[%clk 0:33:04]} 14. Nxd5 {[%clk 0:45:59]} cxd5 {[%clk 0:32:54]} 15. Bb4
{[%clk 0:46:19]} Ne5 {[%clk 0:30:55]} 16. Bb5+ {[%clk 0:44:45]} N7c6
{[%clk 0:25:41]} 17. dxe5 {[%clk 0:43:57]} Qxg5+ {[%clk 0:19:47]} 18. Kb1
{[%clk 0:43:58]} Bf8 {[%clk 0:11:48]} 19. Bxc6+ {[%clk 0:29:42]} bxc6
{[%clk 0:11:59]} 20. e6 {[%clk 0:30:09]} Rh7 {[%clk 0:09:23]} 21. exf7+
{[%clk 0:29:06]} Kd7 {[%clk 0:09:44]} 22. Re8 {[%clk 0:29:16]} 1-0

[Event "CNJovens24"]
[Site "Sao Pedro do Sul"]
[Date "2024.03.26"]
[Round "6.3"]
[White "Pinto, Jose Joao"]
[Black "Correia, Rafael"]
[Result "0-1"]
[LiveChessVersion "1.4.8"]
[BlackElo "1755"]
[WhiteElo "1890"]

1. e4 {[%clk 1:30:44]} c6 {[%clk 1:30:52]} 2. d4 {[%clk 1:31:04]} d5
{[%clk 1:31:16]} 3. e5 {[%clk 1:31:23]} Bf5 {[%clk 1:31:35]} 4. h4
{[%clk 1:29:42]} h6 {[%clk 1:31:58]} 5. Nf3 {[%clk 1:29:55]} e6 {[%clk 1:32:22]}
6. Bd3 {[%clk 1:29:49]} Bxd3 {[%clk 1:32:45]} 7. Qxd3 {[%clk 1:30:15]} Qa5+
{[%clk 1:32:56]} 8. Nbd2 {[%clk 1:30:32]} Qa6 {[%clk 1:33:17]} 9. c4
{[%clk 1:30:36]} Bb4 {[%clk 1:33:40]} 10. O-O {[%clk 1:29:40]} Ne7
{[%clk 1:33:52]} 11. b3 {[%clk 1:27:23]} Nd7 {[%clk 1:28:01]} 12. a4
{[%clk 1:17:35]} O-O {[%clk 1:15:51]} 13. Qc2 {[%clk 1:09:00]} c5
{[%clk 1:10:13]} 14. Bb2 {[%clk 0:54:55]} Rac8 {[%clk 1:05:39]} 15. Rac1
{[%clk 0:35:52]} Rfd8 {[%clk 0:55:58]} 16. Qb1 {[%clk 0:31:43]} cxd4
{[%clk 0:48:34]} 17. Rfd1 {[%clk 0:24:01]} Nb6 {[%clk 0:34:04]} 18. Bxd4
{[%clk 0:22:49]} Bxd2 {[%clk 0:33:04]} 19. Bxb6 {[%clk 0:22:01]} Qxb6
{[%clk 0:27:04]} 20. Rxd2 {[%clk 0:20:58]} dxc4 {[%clk 0:26:06]} 21. Rxd8+
{[%clk 0:16:18]} Qxd8 {[%clk 0:26:29]} 22. bxc4 {[%clk 0:15:38]} Qc7
{[%clk 0:25:31]} 23. Qe4 {[%clk 0:12:04]} Qc6 {[%clk 0:24:50]} 24. Qc2
{[%clk 0:07:26]} Rd8 {[%clk 0:24:20]} 25. Qb3 {[%clk 0:07:16]} b6
{[%clk 0:24:23]} 26. Qb4 {[%clk 0:06:53]} Qc7 {[%clk 0:23:00]} 27. h5
{[%clk 0:04:02]} Rd3 {[%clk 0:22:09]} 28. Qb5 {[%clk 0:03:47]} Nf5
{[%clk 0:21:05]} 29. c5 {[%clk 0:03:21]} Rd5 {[%clk 0:21:23]} 30. Qe8+
{[%clk 0:03:42]} Kh7 {[%clk 0:21:46]} 31. c6 {[%clk 0:03:43]} a6 {[%clk 0:20:28]}
32. Qf8 {[%clk 0:03:50]} b5 {[%clk 0:19:51]} 33. a5 {[%clk 0:02:55]} Rd8
{[%clk 0:19:53]} 34. Qc5 {[%clk 0:03:10]} Qxa5 {[%clk 0:15:07]} 35. c7
{[%clk 0:03:06]} Rc8 {[%clk 0:15:35]} 36. g4 {[%clk 0:03:31]} Qa4
{[%clk 0:15:30]} 37. Nh2 {[%clk 0:02:07]} Nh4 {[%clk 0:15:40]} 38. Qc6
{[%clk 0:00:58]} Qf4 {[%clk 0:15:30]} 39. Rc5 {[%clk 0:00:54]} Qd4
{[%clk 0:14:56]} 40. Rc1 {[%clk 0:00:44]} Qd5 {[%clk 0:14:32]} 41. Qxd5
{[%clk 0:00:47]} exd5 {[%clk 0:14:56]} 42. f3 {[%clk 0:00:45]} g6
{[%clk 0:15:06]} 43. Rc6 {[%clk 0:00:48]} gxh5 {[%clk 0:15:14]} 44. gxh5
{[%clk 0:01:09]} b4 {[%clk 0:14:41]} 45. Kf2 {[%clk 0:00:38]} b3 {[%clk 0:15:03]}
46. Rxa6 {[%clk 0:00:33]} Rxc7 {[%clk 0:15:08]} 47. Rb6 {[%clk 0:00:41]} Rc2+
{[%clk 0:15:32]} 48. Kg3 {[%clk 0:00:36]} b2 {[%clk 0:15:15]} 49. Ng4
{[%clk 0:00:37]} Nf5+ {[%clk 0:14:35]} 50. Kf4 {[%clk 0:01:01]} Nd4
{[%clk 0:14:50]} 51. Ke3 {[%clk 0:01:05]} Ne6 {[%clk 0:14:48]} 52. Nf6+
{[%clk 0:01:23]} Kg7 {[%clk 0:14:56]} 53. Nxd5 {[%clk 0:01:14]} Nc5
{[%clk 0:14:17]} 54. Nf6 {[%clk 0:01:23]} Rc3+ {[%clk 0:08:13]} 55. Kd2
{[%clk 0:00:40]} Nb3+ {[%clk 0:06:49]} 56. Kxc3 {[%clk 0:00:46]} b1=Q
{[%clk 0:07:09]} 57. Rxb3 {[%clk 0:00:33]} Qa1+ {[%clk 0:07:08]} 58. Rb2
{[%clk 0:00:57]} Qa3+ {[%clk 0:07:20]} 59. Kc2 {[%clk 0:00:57]} Qxf3
{[%clk 0:07:24]} 60. Rb8 {[%clk 0:01:02]} Qe2+ {[%clk 0:07:14]} 61. Kc1
{[%clk 0:00:39]} Qxe5 {[%clk 0:06:02]} 62. Ne8+ {[%clk 0:01:05]} Kf8
{[%clk 0:06:23]} 63. Nc7+ {[%clk 0:01:26]} Kg7 {[%clk 0:06:07]} 64. Ne8+
{[%clk 0:01:52]} Kh7 {[%clk 0:06:23]} 65. Rc8 {[%clk 0:01:43]} Qe1+
{[%clk 0:06:27]} 66. Kb2 {[%clk 0:01:53]} Qd2+ {[%clk 0:06:31]} 67. Ka1
{[%clk 0:02:01]} Qd1+ {[%clk 0:06:41]} 68. Kb2 Qd4+ {[%clk 0:06:45]} 69. Kc1
{[%clk 0:02:52]} Qf4+ {[%clk 0:07:04]} 70. Kb2 {[%clk 0:03:07]} Qf5
{[%clk 0:06:50]} 71. Ra8 {[%clk 0:02:41]} Qf2+ {[%clk 0:06:57]} 0-1

[Event "CNJovens24"]
[Site "Sao Pedro do Sul"]
[Date "2024.03.26"]
[Round "6.4"]
[White "Miranda, Vasco"]
[Black "Ferreira, Eduardo"]
[Result "0-1"]
[LiveChessVersion "1.4.8"]
[BlackElo "1890"]
[WhiteElo "1564"]

1. d4 {[%clk 1:30:58]} Nf6 {[%clk 1:30:50]} 2. c4 {[%clk 1:31:22]} e6
{[%clk 1:31:12]} 3. Nc3 {[%clk 1:31:39]} Bb4 {[%clk 1:31:13]} 4. Qb3
{[%clk 1:31:29]} Bxc3+ {[%clk 1:29:44]} 5. Qxc3 {[%clk 1:31:50]} O-O
{[%clk 1:29:25]} 6. Bg5 {[%clk 1:31:06]} h6 {[%clk 1:24:26]} 7. h4
{[%clk 1:25:13]} d5 {[%clk 1:09:17]} 8. cxd5 {[%clk 1:21:14]} exd5
{[%clk 1:09:12]} 9. Bxf6 {[%clk 1:21:13]} Qxf6 {[%clk 1:09:25]} 10. e3
{[%clk 1:21:34]} c6 {[%clk 1:07:49]} 11. Nf3 {[%clk 1:16:05]} Bf5
{[%clk 1:03:44]} 12. Ne5 {[%clk 1:13:15]} Qd6 {[%clk 0:55:27]} 13. g4
{[%clk 1:09:44]} Bh7 {[%clk 0:52:54]} 14. g5 {[%clk 1:02:03]} Re8
{[%clk 0:43:49]} 15. gxh6 {[%clk 0:55:44]} Qxh6 {[%clk 0:43:40]} 16. Bd3
{[%clk 0:51:58]} Bxd3 {[%clk 0:38:08]} 17. Qxd3 {[%clk 0:52:10]} Na6
{[%clk 0:32:00]} 18. Qf5 {[%clk 0:49:38]} Qe6 {[%clk 0:30:59]} 19. Qxe6
{[%clk 0:46:21]} Rxe6 {[%clk 0:31:13]} 20. Nd3 {[%clk 0:45:58]} Rae8
{[%clk 0:28:13]} 21. Kd2 {[%clk 0:45:46]} Rh6 {[%clk 0:24:47]} 22. Rag1
{[%clk 0:44:57]} Nc7 {[%clk 0:22:52]} 23. a4 {[%clk 0:43:58]} a5 {[%clk 0:18:11]}
24. Rg4 {[%clk 0:39:59]} Re7 {[%clk 0:16:30]} 25. Ne5 {[%clk 0:36:04]} Ne8
{[%clk 0:15:29]} 26. b3 {[%clk 0:35:12]} Nd6 {[%clk 0:12:37]} 27. Rhg1
{[%clk 0:32:07]} g6 {[%clk 0:10:02]} 28. h5 {[%clk 0:28:23]} Ne4+
{[%clk 0:09:21]} 29. Ke2 {[%clk 0:27:37]} Rxh5 {[%clk 0:09:22]} 30. f3
{[%clk 0:26:11]} Rh2+ {[%clk 0:09:22]} 31. R1g2 {[%clk 0:25:19]} Rxg2+
{[%clk 0:09:14]} 32. Rxg2 {[%clk 0:25:42]} Nf6 {[%clk 0:09:31]} 33. Rg1
{[%clk 0:25:18]} Nd7 {[%clk 0:09:04]} 34. Nxd7 {[%clk 0:24:15]} Rxd7
{[%clk 0:09:29]} 35. b4 {[%clk 0:23:41]} axb4 {[%clk 0:09:06]} 36. Rb1
{[%clk 0:24:05]} f6 {[%clk 0:08:32]} 37. Rxb4 {[%clk 0:23:57]} Kg7
{[%clk 0:08:47]} 38. a5 {[%clk 0:23:14]} g5 {[%clk 0:08:56]} 39. a6
{[%clk 0:23:11]} bxa6 {[%clk 0:06:08]} 40. Rb6 {[%clk 0:23:35]} Ra7
{[%clk 0:04:47]} 41. Rxc6 {[%clk 0:23:58]} a5 {[%clk 0:05:08]} 42. Rc3
{[%clk 0:24:21]} a4 {[%clk 0:05:17]} 43. Ra3 {[%clk 0:24:28]} Kg6
{[%clk 0:05:12]} 44. Kf2 {[%clk 0:23:13]} f5 {[%clk 0:04:46]} 45. Kg3
{[%clk 0:21:20]} Kh5 {[%clk 0:04:37]} 46. Kh3 {[%clk 0:21:21]} g4+
{[%clk 0:04:21]} 47. fxg4+ {[%clk 0:21:43]} fxg4+ {[%clk 0:04:45]} 48. Kg3
{[%clk 0:22:06]} Kg5 {[%clk 0:05:04]} 49. Kh2 {[%clk 0:17:21]} Kh4
{[%clk 0:05:12]} 50. Kg2 {[%clk 0:17:17]} g3 {[%clk 0:05:06]} 51. e4
{[%clk 0:16:16]} dxe4 {[%clk 0:04:01]} 52. Rxg3 {[%clk 0:16:33]} a3
{[%clk 0:03:55]} 53. Rh3+ {[%clk 0:16:57]} Kg4 {[%clk 0:04:20]} 54. Rh1
{[%clk 0:17:15]} a2 {[%clk 0:04:32]} 55. Ra1 {[%clk 0:17:27]} Ra3
{[%clk 0:04:33]} 56. Kf2 {[%clk 0:17:13]} Kf5 {[%clk 0:04:54]} 57. Ke2
{[%clk 0:16:55]} Ke6 {[%clk 0:05:18]} 58. Kd2 {[%clk 0:17:05]} Kd5
{[%clk 0:05:42]} 59. Kc2 {[%clk 0:17:00]} Kxd4 {[%clk 0:06:03]} 60. Kb2
{[%clk 0:17:19]} Ra8 {[%clk 0:06:15]} 61. Kc2 {[%clk 0:16:28]} Ke3
{[%clk 0:06:21]} 0-1

[Event "CNJovens24"]
[Site "Sao Pedro do Sul"]
[Date "2024.03.26"]
[Round "6.5"]
[White "Almeida, Pedro"]
[Black "Silva, Daniel"]
[Result "1-0"]
[LiveChessVersion "1.4.8"]
[BlackElo "1795"]
[WhiteElo "1819"]

1. d4 {[%clk 1:30:57]} Nf6 {[%clk 1:27:24]} 2. c4 {[%clk 1:31:04]} g6
{[%clk 1:25:50]} 3. Nc3 {[%clk 1:31:00]} d5 {[%clk 1:22:25]} 4. Bf4
{[%clk 1:29:13]} Bg7 {[%clk 1:21:13]} 5. e3 {[%clk 1:29:20]} O-O {[%clk 1:18:51]}
6. cxd5 {[%clk 1:25:42]} Nxd5 {[%clk 1:19:16]} 7. Nxd5 {[%clk 1:25:02]} Qxd5
{[%clk 1:19:41]} 8. Bxc7 {[%clk 1:23:58]} Na6 {[%clk 1:15:55]} 9. Bg3
{[%clk 1:15:50]} Bf5 {[%clk 1:10:32]} 10. Qa4 {[%clk 1:13:19]} e5
{[%clk 0:45:59]} 11. Nf3 {[%clk 1:12:31]} exd4 {[%clk 0:39:14]} 12. Bxa6
{[%clk 1:07:36]} bxa6 {[%clk 0:29:48]} 13. O-O {[%clk 1:05:07]} dxe3
{[%clk 0:23:22]} 14. fxe3 {[%clk 1:05:00]} Bxb2 {[%clk 0:23:06]} 15. Rad1
{[%clk 1:04:58]} Qb5 {[%clk 0:17:40]} 16. Qh4 {[%clk 1:03:54]} f6
{[%clk 0:09:41]} 17. Nd4 {[%clk 0:45:56]} Bxd4 {[%clk 0:10:05]} 18. Rxd4
{[%clk 0:45:17]} Rad8 {[%clk 0:04:12]} 19. Rxd8 {[%clk 0:43:05]} Rxd8
{[%clk 0:04:39]} 20. Qxf6 {[%clk 0:43:04]} Qb6 {[%clk 0:05:05]} 21. Qe7
{[%clk 0:40:39]} Rd7 {[%clk 0:02:00]} 22. Qe8+ {[%clk 0:40:41]} Kg7
{[%clk 0:02:25]} 23. Rxf5 {[%clk 0:39:38]} Rd1+ {[%clk 0:02:31]} 24. Rf1
{[%clk 0:40:07]} Rxf1+ {[%clk 0:02:54]} 25. Kxf1 {[%clk 0:40:31]} Qb1+
{[%clk 0:03:09]} 26. Be1 {[%clk 0:39:47]} Qxa2 {[%clk 0:02:51]} 27. Bc3+
{[%clk 0:37:23]} Kh6 {[%clk 0:03:16]} 28. Qf8+ {[%clk 0:37:43]} Kh5
{[%clk 0:03:19]} 29. Qf3+ {[%clk 0:35:59]} Kh6 {[%clk 0:03:21]} 1-0

[Event "CNJovens24"]
[Site "Sao Pedro do Sul"]
[Date "2024.03.26"]
[Round "6.7"]
[White "Nogueira, Rafael"]
[Black "Bittner, Titus"]
[Result "1/2-1/2"]
[LiveChessVersion "1.4.8"]
[BlackElo "1779"]
[WhiteElo "1686"]

1. d4 e6 2. c4 f5 3. Nf3 Nf6 4. e3 b6 5. g3 d5 6. Bg2 Nbd7 7. Nbd2 Bd6 8. O-O O-O
9. b3 Bb7 10. Bb2 h6 11. Rc1 Ne4 12. Qe2 Qf6 13. Rc2 a5 14. Rfc1 Qd8 15. Ne5 Nxe5
16. dxe5 Bc5 17. f4 c6 18. Nxe4 fxe4 19. Rd1 Qe8 20. Bd4 Bxd4 21. exd4 a4 22. Qe3
Qh5 23. Rb1 Ba6 24. Bf1 axb3 1/2-1/2

[Event "CNJovens24"]
[Site "Sao Pedro do Sul"]
[Date "2024.03.26"]
[Round "6.8"]
[White "Frolov, Ilya"]
[Black "Cymbron, Victoria"]
[Result "1/2-1/2"]
[LiveChessVersion "1.4.8"]
[BlackElo "1765"]
[WhiteElo "1650"]

1. e4 c6 2. d4 d5 3. exd5 cxd5 4. Bd3 Nc6 5. c3 Nf6 6. Bf4 g6 7. Nf3 Bg4 8. h3
Bxf3 9. Qxf3 Bg7 10. Nd2 O-O 11. O-O a6 12. Qe2 b5 13. b4 Re8 14. Nf3 Nd7 15. a4
e5 16. dxe5 Ncxe5 17. Nxe5 Nxe5 18. Bxe5 Bxe5 19. Qd2 Rc8 20. Ra3 Qb6 21. axb5
axb5 22. Rc1 Qf6 23. Rc2 d4 24. cxd4 Rxc2 25. Bxc2 Bxd4 26. Rf3 Qe5 27. Bb3 Re7
28. g3 Qd6 29. Rf4 Be5 30. Qxd6 Bxd6 31. Rd4 Re1+ 32. Kg2 Be7 33. Bd5 Bf6 34. Re4
Rc1 35. h4 Kg7 36. Bb7 Rc4 37. Bd5 Rc7 38. Rf4 h6 39. Re4 g5 40. Rg4 Rc2 41. hxg5
hxg5 42. Bb7 Rd2 43. Bc6 Kh6 44. Bxb5 Bd4 45. Be8 f5 46. Rxd4 Rxd4 47. b5 Rb4 48.
Bc6 Kg6 49. Kg1 Kf6 50. Kg2 Ke5 51. Kh3 Kd6 52. Kg2 Rb2 53. Kf3 Ke5 54. Kg2 f4
55. gxf4+ Kxf4 56. Kg1 Kg4 57. f3+ Kg3 58. Kf1 Kf4 59. Ke1 Ke3 60. Kf1 Rb1+ 61.
Kg2 Rb2+ 62. Kg3 1/2-1/2

[Event "CNJovens24"]
[Site "Sao Pedro do Sul"]
[Date "2024.03.26"]
[Round "6.9"]
[White "Rocha, Miguel"]
[Black "Araujo, Ricardo"]
[Result "0-1"]
[LiveChessVersion "1.4.8"]
[BlackElo "1873"]
[WhiteElo "1800"]

1. e4 {[%clk 1:31:08]} c5 {[%clk 1:31:10]} 2. c3 {[%clk 1:31:08]} Nf6
{[%clk 1:31:10]} 3. e5 Nd5 4. d4 {[%clk 1:30:47]} cxd4 {[%clk 1:31:56]} 5. Nf3
{[%clk 1:30:56]} Nc6 {[%clk 1:31:56]} 6. cxd4 {[%clk 1:30:56]} e6
{[%clk 1:31:56]} 7. Nc3 {[%clk 1:29:18]} d6 {[%clk 1:28:37]} 8. Bd3
{[%clk 1:24:59]} dxe5 {[%clk 1:28:37]} 9. Nxe5 {[%clk 1:23:33]} Nxe5
{[%clk 1:27:49]} 10. dxe5 Nxc3 {[%clk 1:27:38]} 11. bxc3 {[%clk 1:23:40]} Bd7
{[%clk 1:27:18]} 12. O-O {[%clk 1:19:36]} Bc6 {[%clk 1:19:22]} 13. Re1
{[%clk 1:11:47]} Bc5 {[%clk 1:14:02]} 14. Qc2 {[%clk 1:04:52]} Rc8
{[%clk 1:04:21]} 15. a4 {[%clk 0:48:55]} Qd7 {[%clk 0:55:05]} 16. Bf4
{[%clk 0:39:25]} h6 {[%clk 0:27:27]} 17. Bg3 {[%clk 0:28:56]} O-O 18. Red1
{[%clk 0:26:03]} Qe7 {[%clk 0:25:34]} 19. Qe2 {[%clk 0:26:03]} Rfd8
{[%clk 0:23:36]} 20. Qh5 {[%clk 0:17:17]} Qg5 21. Qh3 {[%clk 0:17:17]} Rd7
{[%clk 0:10:22]} 22. Kf1 {[%clk 0:12:32]} Qd8 {[%clk 0:08:59]} 23. Ke2
{[%clk 0:10:18]} Qa5 {[%clk 0:07:52]} 24. Bf4 {[%clk 0:08:26]} Bf8
{[%clk 0:07:41]} 25. Qg3 {[%clk 0:07:30]} Kh8 {[%clk 0:07:44]} 26. Bc2
{[%clk 0:06:30]} Rxd1 {[%clk 0:07:02]} 27. Bxd1 {[%clk 0:06:31]} Qd5
{[%clk 0:06:45]} 28. Bc2 {[%clk 0:05:33]} Qxg2 29. Qd3 {[%clk 0:03:08]} Qg4+
{[%clk 0:05:59]} 30. Ke1 g6 {[%clk 0:05:34]} 31. Bg3 {[%clk 0:03:12]} Qf3
{[%clk 0:05:28]} 0-1

[Event "CNJovens24"]
[Site "Sao Pedro do Sul"]
[Date "2024.03.26"]
[Round "6.10"]
[White "Costa, Nuno"]
[Black "Valente, Sofia"]
[Result "0-1"]
[LiveChessVersion "1.4.8"]
[BlackElo "1842"]
[WhiteElo "1617"]

1. e4 {[%clk 1:30:59]} c5 {[%clk 1:30:07]} 2. Nf3 {[%clk 1:31:21]} Nc6
{[%clk 1:30:18]} 3. d4 {[%clk 1:31:45]} cxd4 {[%clk 1:30:44]} 4. Nxd4
{[%clk 1:32:10]} g6 {[%clk 1:31:08]} 5. Nc3 {[%clk 1:32:30]} Bg7 {[%clk 1:30:32]}
6. Be3 {[%clk 1:32:53]} Nf6 {[%clk 1:28:50]} 7. Bc4 {[%clk 1:33:14]} Qa5
{[%clk 1:26:55]} 8. O-O {[%clk 1:33:13]} O-O {[%clk 1:24:42]} 9. f4
{[%clk 1:33:24]} Ng4 {[%clk 1:07:19]} 10. Nxc6 {[%clk 1:26:16]} dxc6
{[%clk 1:03:56]} 11. Bd2 {[%clk 1:25:10]} Qc5+ {[%clk 1:03:48]} 12. Kh1
{[%clk 1:21:47]} Qxc4 {[%clk 1:01:48]} 13. f5 {[%clk 1:22:06]} Ne5
{[%clk 0:55:43]} 14. h4 {[%clk 1:19:17]} Bxf5 {[%clk 0:48:27]} 15. exf5
{[%clk 1:19:23]} Qxh4+ {[%clk 0:48:47]} 16. Kg1 {[%clk 1:19:37]} Ng4
{[%clk 0:49:03]} 17. Bf4 {[%clk 1:19:18]} Rad8 {[%clk 0:48:50]} 18. Qe1
{[%clk 1:19:25]} Bd4+ {[%clk 0:49:09]} 0-1

[Event "CNJovens24"]
[Site "Sao Pedro do Sul"]
[Date "2024.03.26"]
[Round "6.11"]
[White "Rodrigues, Dinis"]
[Black "Hares, Guilherme"]
[Result "1/2-1/2"]
[LiveChessVersion "1.4.8"]
[BlackElo "1602"]
[WhiteElo "1683"]

1. e4 {[%clk 1:30:57]} e5 {[%clk 1:30:57]} 2. Nf3 {[%clk 1:31:20]} Nc6
{[%clk 1:31:24]} 3. Bc4 {[%clk 1:31:37]} Bc5 {[%clk 1:31:49]} 4. c3
{[%clk 1:31:52]} Nf6 {[%clk 1:32:14]} 5. d4 {[%clk 1:30:46]} exd4
{[%clk 1:32:38]} 6. b4 {[%clk 1:30:28]} Bb6 {[%clk 1:20:34]} 7. e5
{[%clk 1:30:20]} Ne4 {[%clk 1:19:16]} 8. Bd5 {[%clk 1:28:53]} Nxc3
{[%clk 1:17:06]} 9. Nxc3 {[%clk 1:29:11]} dxc3 {[%clk 1:16:03]} 10. Bg5
{[%clk 1:29:01]} f6 {[%clk 1:12:28]} 11. exf6 {[%clk 1:23:14]} gxf6
{[%clk 1:12:32]} 12. O-O {[%clk 1:10:08]} h5 {[%clk 0:59:00]} 13. Re1+
{[%clk 1:07:46]} Kf8 {[%clk 0:59:21]} 14. Bh4 {[%clk 0:47:16]} Kg7
{[%clk 0:50:39]} 15. Ne5 {[%clk 0:35:17]} Nxe5 {[%clk 0:35:55]} 16. Rxe5
{[%clk 0:35:30]} c6 {[%clk 0:35:11]} 17. Qe2 {[%clk 0:23:30]} cxd5
{[%clk 0:29:11]} 18. Re7+ {[%clk 0:23:46]} Kh6 {[%clk 0:27:53]} 19. Bxf6
{[%clk 0:23:41]} d6 {[%clk 0:26:00]} 20. Re6 {[%clk 0:15:26]} Bxe6
{[%clk 0:22:53]} 21. Bxd8 {[%clk 0:15:17]} Bg4 {[%clk 0:22:52]} 22. Bg5+
{[%clk 0:12:47]} Kxg5 {[%clk 0:22:31]} 23. Qe7+ {[%clk 0:13:11]} Kg6
{[%clk 0:20:48]} 24. Qxd6+ {[%clk 0:13:30]} Kg7 {[%clk 0:19:14]} 25. Qe7+
{[%clk 0:12:39]} Kg6 {[%clk 0:19:15]} 26. Qd6+ {[%clk 0:12:39]} Kg7 27. Qe7+ Kg8
28. Qg5+ Kf8 29. Qf6+ Kg8 30. Qg5+ Kh7 31. Qe7+ Kg6 32. Qd6+ Kh7 33. Qe7+ 1/2-1/2

[Event "CNJovens24"]
[Site "Sao Pedro do Sul"]
[Date "2024.03.26"]
[Round "6.12"]
[White "Alves, Jose Pedro"]
[Black "Moldovan, Lucas"]
[Result "0-1"]
[LiveChessVersion "1.4.8"]
[BlackElo "1881"]
[WhiteElo "1603"]

1. e4 {[%clk 1:30:59]} c5 {[%clk 1:30:55]} 2. c3 {[%clk 1:31:10]} d5
{[%clk 1:31:19]} 3. exd5 {[%clk 1:31:34]} Qxd5 {[%clk 1:31:42]} 4. d4
{[%clk 1:32:02]} Nf6 {[%clk 1:31:57]} 5. Nf3 {[%clk 1:30:43]} Bg4
{[%clk 1:31:57]} 6. Be2 {[%clk 1:30:38]} e6 {[%clk 1:31:37]} 7. O-O
{[%clk 1:29:37]} Nc6 {[%clk 1:29:20]} 8. dxc5 {[%clk 1:22:40]} Qxd1
{[%clk 1:19:50]} 9. Rxd1 {[%clk 1:22:25]} Bxc5 {[%clk 1:19:54]} 10. Nbd2
{[%clk 1:16:44]} O-O {[%clk 1:12:12]} 11. Nf1 {[%clk 1:12:23]} Nd5
{[%clk 1:00:36]} 12. Ng3 {[%clk 1:03:25]} Rfe8 {[%clk 0:51:38]} 13. h3
{[%clk 1:01:31]} Bxf3 {[%clk 0:50:49]} 14. Bxf3 {[%clk 1:01:56]} Rad8
{[%clk 0:49:55]} 15. Bd2 {[%clk 0:51:50]} Ne5 {[%clk 0:44:25]} 16. Be2
{[%clk 0:47:00]} a6 {[%clk 0:37:53]} 17. Ne4 Be7 {[%clk 0:32:16]} 18. c4
{[%clk 0:32:14]} Nf6 {[%clk 0:30:05]} 19. Nxf6+ {[%clk 0:31:58]} Bxf6
{[%clk 0:30:29]} 20. Bc3 {[%clk 0:32:13]} Nd7 {[%clk 0:23:38]} 21. Bf3
{[%clk 0:20:31]} Bxc3 {[%clk 0:19:33]} 22. bxc3 {[%clk 0:20:59]} Nc5
{[%clk 0:19:40]} 23. Rxd8 {[%clk 0:19:37]} Rxd8 {[%clk 0:19:51]} 24. Rb1
{[%clk 0:20:00]} Rd7 {[%clk 0:18:30]} 25. Kf1 {[%clk 0:17:33]} Kf8
{[%clk 0:13:43]} 26. Ke2 {[%clk 0:17:03]} Ke7 {[%clk 0:13:44]} 27. Rb6
{[%clk 0:15:57]} e5 {[%clk 0:11:15]} 28. Bd5 {[%clk 0:13:41]} Kd8
{[%clk 0:08:27]} 29. Rb1 {[%clk 0:10:38]} Kc7 {[%clk 0:06:47]} 30. f3
{[%clk 0:09:13]} f6 {[%clk 0:06:34]} 31. Ke3 {[%clk 0:07:56]} Rd6
{[%clk 0:06:20]} 32. Rb2 {[%clk 0:04:58]} f5 {[%clk 0:04:14]} 33. g4
{[%clk 0:03:18]} f4+ {[%clk 0:04:32]} 34. Ke2 {[%clk 0:03:07]} Rh6
{[%clk 0:05:00]} 35. Kf2 {[%clk 0:02:23]} Nd3+ {[%clk 0:05:27]} 36. Kg2 0-1